Actualidad Tributaria

Bibliographic Details
Format: eBook
Language:Spanish
Published: San Jos:̌ Actualidad Tributaria, 2013 -
Subjects:
Online Access:Acceso restringido

MARC

LEADER 00000nam a22000007a 4500
005 20140430165624.0
007 cr|||| |||
008 140430c20139999cr |||| s|||| 0|||a1spa d
035 |a 11902 
040 |a vLex 
090 |c 4861  |d 4861 
245 0 0 |a Actualidad Tributaria  |h [Recurso electrn̤ico]  
256 |a Servicio en ln̕ea 
260 |a San Jos:̌  |b Actualidad Tributaria,  |c 2013 - 
300 |a 1 recurso electrn̤ico 
310 |a Irregular 
506 1 |a Contenido solo disponible en los productos indicados  |d vLex Global  |d vLex Global (Academic Edition, excluding Law Schools)  |d vLex Global (U.S. Academic Edition, Law Schools)  |d vLex Global (U.S. Academic Edition, excluding Law Schools)  |d vLex Global (Academic Edition, Law Schools) 
650 0 4 |a Derecho fiscal  |z Costa Rica 
740 0 |a vLex Revistas (Servicio en ln̕ea) 
856 4 0 |u http://vlex.com/source/actualidad-tributaria-11902  |z Acceso restringido 
942 |c REV 
999 0 |a Taxation